| 000 | 00949nam a22002777a 4500 | ||
|---|---|---|---|
| 003 | OSt | ||
| 005 | 20230925094739.0 | ||
| 008 | 221006b |||||||| |||| 00| 0 eng d | ||
| 040 | _cLado V | ||
| 082 |
_a708 _bH565l |
||
| 100 |
_91091 _aHerrera, Fabio _eautor |
||
| 245 | _aLibertad/ | ||
| 260 |
_bCorte Suprema de Justicia _c2011 _aCosta Rica |
||
| 300 |
_c21.5x14cm _a23p. |
||
| 366 | _espa | ||
| 505 | _tPresentación | ||
| 650 |
_2Tesauro de Arte & Arquitectura _aARTE _9703 |
||
| 650 |
_2Tesauro de Arte & Arquitectura _aCOLECCION _9702 |
||
| 650 |
_2Tesauro de Arte & Arquitectura _aPINTURA _9703 |
||
| 650 |
_2Tesauro de Arte & Arquitectura _aSERIGRAFÍA |
||
| 650 |
_2Tesauro de Arte & Arquitectura _aACRÍLICO |
||
| 650 |
_2Tesauro de Arte & Arquitectura _aÓLEO |
||
| 650 |
_2Tesauro de Arte & Arquitectura _aACUARELA |
||
| 650 |
_2Tesauro de Arte & Arquitectura _aIMPRESIÓN |
||
| 942 |
_2ddc _c1 _h708 _iH565l _n0 |
||
| 999 |
_c4384 _d4384 |
||